Venus with pistol

সংরক্ষণ করুন:
গ্রন্থ-পঞ্জীর বিবরন
প্রধান লেখক: Lyall, Gavin
বিন্যাস: গ্রন্থ
ভাষা:Undetermined
প্রকাশিত: Londres, Inglaterra The Companion Book Club 1969
বিষয়গুলি:
ট্যাগগুলো: ট্যাগ যুক্ত করুন
কোনো ট্যাগ নেই, প্রথমজন হিসাবে ট্যাগ করুন!

MARC

LEADER 00000nam a2200000Ia 4500
008 170316s9999 xx 000 0 und d
040 |a cru BVZT 
090 |a 820 L-11v 
100 |a Lyall, Gavin 
245 |a Venus with pistol 
260 |a Londres, Inglaterra 
260 |b The Companion Book Club 
260 |c 1969 
300 |a 254 páginas 
650 |a LITERATURA INGLESA 
999 |c 6977  |d 6977 
942 |c 15 D  |h 820 L-11v  |2 z